Il tesoro dei Medici (Record no. 7493)

MARC details
000 -CABECERA
campo de control de longitud fija 00792nam a2200253 a 4500
001 - NÚMERO DE CONTROL
campo de control BRCA_7819
005 - FECHA Y HORA DE LA ÚLTIMA TRANSACCIÓN
campo de control 20190320210018.0
008 - DATOS DE LONGITUD FIJA--INFORMACIÓN GENERAL
campo de control de longitud fija 171013s1963----it-a######---#000-0#ita-#
041 ## - CÓDIGO DE LENGUA
Código de lengua del texto/banda sonora o título independiente ita
044 ## - CÓDIGO DEL PAÍS DE LA ENTIDAD EDITORA/PRODUCTORA
Código MARC del país it
050 #4 - SIGNATURA TOPOGRÁFICA DE LA BIBLIOTECA DEL CONGRESO
Número de clasificación NK480
Número de documento/Ítem .M67 1963
100 1# - ENTRADA PRINCIPAL--NOMBRE DE PERSONA
Nombre de persona Morassi, Antonio
9 (RLIN) 19367
245 10 - MENCIÓN DE TÍTULO
Título Il tesoro dei Medici
Resto del título Oreficerie, Argenterie, Pietre Dure
Mención de responsabilidad, etc. di Antonio Morassi.
260 ## - PUBLICACIÓN, DISTRIBUCIÓN, ETC.
Lugar de publicación, distribución, etc. Milán
Nombre del editor, distribuidor, etc. Silvana
Fecha de publicación, distribución, etc. c1963
300 ## - DESCRIPCIÓN FÍSICA
Extensión iv, 41 p.
Otras características físicas il. (algunas a color), 64 láminas
Dimensiones 32 cm.
500 ## - NOTA GENERAL
Nota general Y12
600 14 - PUNTO DE ACCESO ADICIONAL DE MATERIA--NOMBRE DE PERSONA
Nombre de persona Medicis, Familia
9 (RLIN) 19368
650 14 - PUNTO DE ACCESO ADICIONAL DE MATERIA--TÉRMINO DE MATERIA
Término de materia o nombre geográfico como elemento de entrada Arte
Subdivisión geográfica Florencia
9 (RLIN) 19369
650 14 - PUNTO DE ACCESO ADICIONAL DE MATERIA--TÉRMINO DE MATERIA
Término de materia o nombre geográfico como elemento de entrada Orfebrería
Subdivisión general Colecciones particulares
9 (RLIN) 19370
650 14 - PUNTO DE ACCESO ADICIONAL DE MATERIA--TÉRMINO DE MATERIA
Término de materia o nombre geográfico como elemento de entrada Platería
Subdivisión general Colecciones particulares
9 (RLIN) 9230
650 14 - PUNTO DE ACCESO ADICIONAL DE MATERIA--TÉRMINO DE MATERIA
Término de materia o nombre geográfico como elemento de entrada Arte
Subdivisión general Colecciones y coleccionistas
9 (RLIN) 19371
902 ## - CATALOGADOR
Iniciales GFM
942 ## - ELEMENTOS DE PUNTO DE ACCESO ADICIONAL (KOHA)
Fuente del sistema de clasificación o colocación Library of Congress Classification
Tipo de ítem Koha Libros
Holdings
Estado de retiro Estado de pérdida Estado dañado No para préstamo Localización permanente Ubicación/localización actual Fecha de adquisición Número de inventario Total de préstamos Signatura topográfica completa Código de barras Fecha visto por última vez Precio válido a partir de Tipo de ítem Koha
El ejemplar forma parte de la colección y puede ser consultado según las políticas vigentes.       Biblioteca del Museo Franz Mayer (Rogerio Casas-Alatriste) Biblioteca del Museo Franz Mayer (Rogerio Casas-Alatriste) 17/10/2013 Y12   NK480 .M67 1963 (Y12) 8428 22/03/2019 22/03/2019 Libros